| 000 | 00348nam a2200145Ia 4500 | ||
|---|---|---|---|
| 008 | 150201s1986 xx 000 0 und d | ||
| 082 |
_a617.692 _bC1986H |
||
| 100 | _aHOBRIK J.A. | ||
| 245 | _aCOMPLETE DENTURE | ||
| 250 | _a1ST | ||
| 260 |
_bWRIGHT PUBLICATION _aOXFORD _c1986 |
||
| 300 | _a1-120 | ||
| 650 | _aPROSTHODONTICS | ||
| 942 |
_2ddc _cBK _01 |
||
| 999 |
_c3331 _d3331 |
||